01156 2200349 4500001002100000005001500021035002000036007000300056040001700059100003200076245020700108250001300315300003800328020001800366041000800384082001200392084001800404090001800422264004500440336002100485337003000506338002300536650001400559700003700573850001000610008004100620500005400661504002500715990002200740990002200762990002200784INLIS00000000000711420260603015638 a0010-0822000088ta aSBPUPADbind0 aIskandar JunaidiePengarang1 aMencegah & Mengatasi Berbagai Penyakit Sendi :bAsam Urat, Reumatik, dan Penyakit Sendi Lainnya (Reumatik Pada Anak, Psoriasis, Lupus, Ankylosing Spondylitis) /cInskandar Junaidi,; Editor Dorce Tandung a.-Cet. 1 ax,150 hlm. :billus ;c15 x 21 cm a978623723983307aInd a616.722 a616.722 ISK m a808.301 ARF b a.--Yogyakarta :bRapha Publishing,c2020 2rdacontentateks 2rdamediaatanpa perantara 2rdacarrieravolume 4aKesehatan0 aEditor, Dorce TandungePengarang aPUPAD260603 0  aTentang Penulis, hlm. 150; Glosarium, hlm 146-147 aBibliografi, hlm.149 a36.515/B/DPK/2022 a36.516/B/DPK/2022 a36.517/B/DPK/2022